000 00403nam a22001217a 4500
082 _a220PRO
100 _aBibi Fatima. Daina Asim. Hamza Khan. Shanza Kayani
_973330
245 _aPR-SOF-1973-Design and Development of a Drilling Agribot
260 _aISLAMABAD
_bNUST COLLEGE OF EME
_c2020
650 _aDE-MTS-38
700 _aProject Supervisor's Dr. Danish Hussain. Kanwal Naveed
_973331
942 _cCF
999 _c579103
_d579103